Statistiques concernant Les Éric célèbres

Cliquez ici pour prendre le quiz!

Statistiques générales

  • Ce quiz a été pris 156 fois
  • Le résultat moyen est 7 sur 16

Statistiques - réponses

Réponse% Correct
Éric Zemmour
97%
Éric Cantona
96%
Éric Judor
91%
Éric Antoine
82%
Éric Dupond-Moretti
82%
Éric Ciotti
66%
Éric Abidal
60%
Éric Naulleau
55%
Éric Clapton
44%
Éric Woerth
27%
Éric Carrière
7%
Éric Idle
6%
Éric Berger
5%
Éric Roberts
5%
Éric Ripert
1%
Éric Stoltz
1%

Distribution des résultats

Percentile par nombre de réponses

% des personnes avec chaque résultat

Votre développement - résultats

Vous n’avez pas pris ce quiz